Metodología para la descripción de sitio y condición de los pastizales andinos: texto preliminar de discusión

I tiakina i:
Ngā taipitopito rārangi puna kōrero
Kaituhi matua: Cosio González, Fernando (Author)
Hōputu: Pukapuka
Reo:Pāniora
I whakaputaina: Olmué REPAAN 1991
Ngā marau:
Ngā Tūtohu: Tāpirihia he Tūtohu
Kāore He Tūtohu, Me noho koe te mea tuatahi ki te tūtohu i tēnei pūkete!

MARC

LEADER 00000nam a2200000 a 4500
001 UCQ4133
003 CL-VaPUC
008 980904e19910000CL |||||||||||||||||spa|d
082 0 4 |a 633.2  |b COS  |2 21 
100 0 |a Cosio González, Fernando  |e author  |9 418370 
245 1 0 |a Metodología para la descripción de sitio y condición de los pastizales andinos: texto preliminar de discusión 
300 |a p. irreg 
942 |c BK 
945 |d 19980904 00:00:00  |a aarredon 
260 |a Olmué  |b REPAAN  |c 1991 
650 0 |a Pastizales  |9 352003 
650 7 |a CLASIFICACION  |2 CL-VaPUC  |9 269795 
650 7 |a SUELO  |2 CL-VaPUC  |9 348469 
650 0 |a Clima  |9 265281 
650 7 |a PRADERAS  |2 CL-VaPUC  |9 264231 
650 7 |a FORRAJE  |2 CL-VaPUC  |9 269525 
650 7 |a ENSILAJE  |2 CL-VaPUC  |9 264452 
651 0 |a Argentina  |9 254888 
651 0 |a Perú  |9 256567 
583 |a last modification  |c 19980904 00:00:00  |k Rodrigo Vera 
999 |c 274582  |d 274580